Dopad eura na spotrebu bakalárska práca

Salvato in:
Dettagli Bibliografici
Autore principale: Machciníková, Gabriela
Ente Autore: Národohospodárska fakulta EU. Katedra bankovníctva a medzinárodných financií
Altri autori: Lennerová, Ivana, 1979-
Natura: Libro
Lingua:slovacco
Pubblicazione: Bratislava 2010
Tags: Aggiungi Tag
Nessun Tag, puoi essere il primo ad aggiungerne!!

MARC

LEADER 00000nbm a2200000 4500
001 0135938
005 20110906093223.4
041 0 |a slo 
044 |a SK 
245 1 0 |a Dopad eura na spotrebu  |b bakalárska práca  |c Gabriela Machciníková ; školiteľ: Ivana Lennerová 
264 1 |a Bratislava  |c 2010 
300 |a 44 s. 
100 1 |a Machciníková, Gabriela 
700 1 |a Lennerová, Ivana, 1979- 
710 2 |a Národohospodárska fakulta EU. Katedra bankovníctva a medzinárodných financií